LEGO Series 1 Minifigures by Picture - Statistics

General Stats
  • This quiz has been taken 23 times
  • The average score is 13 of 15
Answer Stats
Picture Answer % Correct
Circus Clown
100%
Ninja
100%
Robot
100%
Zombie
100%
Caveman
89%
Magician
89%
Nurse
89%
Skater
89%
Spaceman
89%
Tribal Hunter
89%
Cheerleader
84%
Cowboy
84%
Deep Sea Diver
84%
Forestman
84%
Super Wrestler
58%
No matching quizzes found
Score Distribution
Percent of People with Each Score
Percentile by Number Answered
Your Score History
You have not taken this quiz